Teoría de las cantidades imaginarias / (Record no. 157169)

MARC details
000 -LEADER
campo de control de longitud fija 00807nam a2200181 i 4500
001 - NÚMERO DE CONTROL
campo de control 157169
003 - IDENTIFICADOR DE NÚMERO DE CONTROL
campo de control ES-MaACL
005 - FECHA Y HORA DE LA ÚLTIMA TRANSACCIÓN
campo de control 20230906210615.0
008 - DATOS DE LONGITUD FIJA--INFORMACIÓN GENERAL
campo de control de longitud fija 000901s1894 sp |||| | spa d
040 ## - FUENTE DE CATALOGACIÓN
Centro catalogador/agencia de origen CCPB | B
Lengua de catalogación spa
Centro/agencia transcriptor CCPB | B
100 1# - ENTRADA PRINCIPAL--NOMBRE DE PERSONA
Nombre de persona Lasala y Martínez, Atanasio.
9 (RLIN) 128715
245 10 - MENCIÓN DEL TÍTULO
Título Teoría de las cantidades imaginarias /
Mención de responsabilidad, etc. por Atanasio Lasala y Martínez.
260 ## - PUBLICACIÓN, DISTRIBUCIÓN, ETC.
Lugar de publicación, distribución, etc. Bilbao :
Nombre del editor, distribuidor, etc. [s.n.],
Fecha de publicación, distribución, etc. 1894 (
Fabricante establecimiento tipolitográfico de la viuda de Delmas)
300 ## - DESCRIPCIÓN FÍSICA
Extensión 1 v. ;
Dimensiones 25 cm.
505 8# - NOTA DE CONTENIDO CON FORMATO
Nota de contenido con formato Primera parte: Imaginarias en un plano (VIII, 149 p.)
650 #4 - PUNTO DE ACCESO ADICIONAL DE MATERIA--TÉRMINO DE MATERIA
Término de materia o nombre geográfico como elemento de entrada Cantidades imaginarias, Teoría de las.
9 (RLIN) 135724
852 ## - LOCALIZACIÓN
Ubicación ES-MaACL
Número de control de estantería T-1025-F-6
Nota libre -- Enc. hol., conservando la enc. original
-- -- Ex-libris de Antonio Gascón
condición física -- Sólo la primera parte
Nota libre -- Enc. en un vol. facticio
Holdings
Estatus retirado Estado de pérdida Estado de daño No para préstamo Colección Biblioteca de origen Biblioteca actual Ubicación en estantería Fecha de adquisición Total de préstamos Signatura topográfica completa Código de barras Visto por última vez Precio de reemplazo Tipo de ítem Koha
        Colección de folletos Biblioteca del Ateneo de Madrid Biblioteca del Ateneo de Madrid Depósito folletos 17/01/2008   T-1025-F-6 1164446 23/02/2023 23/02/2023 Folleto